000 00453nam a2200181Ia 4500
005 20250317131059.0
008 008 250317s9999 xx 000 0 eng d
037 _aTextbook
040 _aFMSL
_beng
_cFMSL
041 _aeng
_2eng
084 _qFMSL
100 _aSahai B
_9739378
245 0 _aPublic sector in India
260 _aScope
_bScope, Publication
_c1983
300 _a40p
942 _cTB
999 _c1266588
_d1266588